Dictionnaire Philosophique.
Salvato in:
| Autore principale: | |
|---|---|
| Natura: | Libro |
| Lingua: | francese |
| Pubblicazione: |
París, Francia
Delangle Frères, Éditeurs-Libraires
1826
|
| Serie: | Oeuvres Completes de Voltaire.
51-58 |
| Soggetti: | |
| Tags: |
Aggiungi Tag
Nessun Tag, puoi essere il primo ad aggiungerne!!
|
MARC
| LEADER | 00000nam a2200000 a 4500 | ||
|---|---|---|---|
| 001 | UCJ7484 | ||
| 003 | CL-VaPUC | ||
| 005 | 20211014200207.0 | ||
| 008 | 070124e18260000FR |||||||||||||||||fre|d | ||
| 999 | |c 323568 |d 323566 | ||
| 040 | |c Pontificia Universidad Católica de Valparaíso | ||
| 082 | 0 | 4 | |a 848 VOL 1826 |2 21 |
| 100 | 0 | |a Voltaire, François Marie Arouet de |9 515932 | |
| 245 | 1 | 0 | |a Dictionnaire Philosophique. |
| 260 | 0 | 3 | |a París, Francia |b Delangle Frères, Éditeurs-Libraires |c 1826 |
| 300 | |a 8 v | ||
| 490 | 0 | |a Oeuvres Completes de Voltaire. |v 51-58 | |
| 500 | |a Se encuentra en la Sala Emilio Tagle C. | ||
| 583 | |a last modification |c 20070124 00:00:00 |k Rodrigo Vera | ||
| 650 | 7 | |a DICCIONARIO FILOSOFICO |2 CL-VaPUC |9 515933 | |
| 650 | 0 | |a Enciclopedistas |9 265709 | |
| 942 | |c BK |2 ddc | ||
| 945 | |d 20070124 00:00:00 |a rinostro | ||
| 952 | |0 0 |1 0 |4 0 |6 848_000000000000000_VOL_1826 |7 0 |8 X |9 403272 |a FDOBUD |b FDOBUD |d 2019-11-22 |h v.1 |i 1064525 |o 848 VOL 1826 |p 1064525 |r 2019-11-22 |t 1 |w 2019-11-22 |y BK_X |k BUD | ||
| 952 | |0 0 |1 0 |4 0 |6 848_000000000000000_VOL_1826 |7 0 |8 X |9 403273 |a FDOBUD |b FDOBUD |d 2019-11-22 |h v.2 |i 1064533 |o 848 VOL 1826 |p 1064533 |r 2019-11-22 |t 1 |w 2019-11-22 |y BK_X |k BUD | ||
| 952 | |0 0 |1 0 |4 0 |6 848_000000000000000_VOL_1826 |7 0 |8 X |9 403274 |a FDOBUD |b FDOBUD |d 2019-11-22 |h v.3 |i 1064541 |o 848 VOL 1826 |p 1064541 |r 2019-11-22 |t 1 |w 2019-11-22 |y BK_X |k BUD | ||
| 952 | |0 0 |1 0 |4 0 |6 848_000000000000000_VOL_1826 |7 0 |8 X |9 403275 |a FDOBUD |b FDOBUD |d 2019-11-22 |h v.4 |i 106455K |o 848 VOL 1826 |p 106455K |r 2019-11-22 |t 1 |w 2019-11-22 |y BK_X |k BUD | ||
| 952 | |0 0 |1 0 |4 0 |6 848_000000000000000_VOL_1826 |7 0 |8 X |9 403276 |a FDOBUD |b FDOBUD |d 2019-11-22 |h v.5 |i 1064568 |o 848 VOL 1826 |p 1064568 |r 2019-11-22 |t 1 |w 2019-11-22 |y BK_X |k BUD | ||
| 952 | |0 0 |1 0 |4 0 |6 848_000000000000000_VOL_1826 |7 0 |8 X |9 403277 |a FDOBUD |b FDOBUD |d 2019-11-22 |h v.6 |i 1064576 |o 848 VOL 1826 |p 1064576 |r 2019-11-22 |t 1 |w 2019-11-22 |y BK_X |k BUD | ||
| 952 | |0 0 |1 0 |4 0 |6 848_000000000000000_VOL_1826 |7 0 |8 X |9 403278 |a FDOBUD |b FDOBUD |d 2019-11-22 |h v.7 |i 1064584 |o 848 VOL 1826 |p 1064584 |r 2019-11-22 |t 1 |w 2019-11-22 |y BK_X |k BUD | ||
| 952 | |0 0 |1 0 |4 0 |6 848_000000000000000_VOL_1826 |7 0 |8 X |9 403279 |a FDOBUD |b FDOBUD |d 2019-11-22 |h v.8 |i 1064592 |o 848 VOL 1826 |p 1064592 |r 2019-11-22 |t 1 |w 2019-11-22 |y BK_X |k BUD | ||